000 00434nam a2200181Ia 4500
005 20240823042019.0
008 240823s9999||||xx |||||||||||||| ||und||
041 _aENGLISH
082 _A301.072 N1
100 _aDoshi S L
245 0 _aRelevance in Sociological Research
250 _a1st
260 _c1991
_b"Rawat,Jaipur"
500 _aYES
650 _aSocial Science
_bManagement Studies
942 _cBK
999 _c206865
_d206865